Atatürk ihtilali (Record no. 3379)

MARC details
000 -BAŞLIK
Sabit Uzunlukta Kontrol Alanı 00694na a2200241 4500
001 - KONTROL NUMARASI
Denetim Alanı 14806
003 - KONTROL NUMARASI IDENTIFIER
Denetim Alanı MIRAKIL
005 - SON İŞLEM TARİHİ VE ZAMANI
Denetim Alanı 20181213154929.0
008 - SABİT-BOY VERİ ELEMANLARI - GENEL BİLGİLER
Sabit Uzunlukta Kontrol Alanı 160901b tu 000 0
020 ## - ULUSLARARASI STANDART KİTAP NUMARASI
Uluslararası Standart Kitap Numarası 9751933188
035 ## - SİSTEM KONTROL NUMARASI
Sistem Kontrol Numarası 14806
040 ## - KATALOGLAMA KAYNAK
Orijinal Kataloglama Ajansı Milas
Kataloglama Dili tur
Metne Dönüştürmek Ajansı TR-AnCHP
082 ## - DEWEY ONLU SINIFLANDIRMA NUMARASI
Sınıflandırma Numarası ATA 956.1024
Ürün Numarası B69a 2003
090 ## - SINIFLAMA NUMARASI
Sınıflama Numarası ATA 956.1024 B69a 2003
100 ## - ANA GİRİŞ - KİŞİSEL İSİM
Kişisel Ad Bozkurt, Mahmut Esat
245 ## - BAŞLIK TABLOSU
Başlık Atatürk ihtilali
Sorumluluk Tablosu, Vb Mahmut Esat Bozkurt ; çeviren Zeki Arıkan
260 ## - YAYIN, DAĞITIM, VB
Yayın, Dağıtım, Vb Yeri İstanbul
Yayıncı, Dağıtıcı, Vs Adı TÜPRAŞ
Yayın, Dağıtım, Vb Tarihi 2003
300 ## - FİZİKSEL TANIM
Kapsam 375 s.
Diğer Fiziksel Ayrıntıları fotg.
Boyutlar 28 sm.
600 ## - KONU KATMA GİRİŞ - KURUMSAL ADI
Kişisel Ad Atatürk, Mustafa Kemal
Bir Adıyla İlişkilendirilen Tarihler 1881-1938
Genel Alt Bölümü Atatürk devrimleri
650 ## - KONU KATMA GİRİŞ - TOPİKAL DÖNEM
Topikal Süreli Veya Coğrafi Ad Giriş Elemanı Atatürkçülük
700 ## - KATMA GİRİŞ - KİŞİSEL İSİM
Kişisel Ad Arıkan, Zeki
942 ## - EKLENDİ GİRİŞ ELEMANLARI (KOHA)
Sınıflandırma Veya Raf Düzeni Kaynak Dewey Decimal Classification
Koha Öğesi Türü Books
999 ## - SİSTEM KONTROL NUMARALARI (KOHA)
Koha Biblionumber 3379
Koha Biblioitemnumber 3379
Holdings
Kalıcı Konum Mevcut Konum Edinme Tarihi Edinim Kaynak Toplam Check-Out'Lar Tam Çağrı Numarası Barkod Tarih Son Görülme İtibaren Geçerli Fiyatlar Koha Öğesi Türü
CHP Kütüphanesi CHP Kütüphanesi 09/01/2016 Bağış   ATA 956.1024 B69a 2003 002693 09/01/2016 09/01/2016 Books